01028 a2200157 45000010006000000050017000060080041000230030015000640400040000790800023001192450168001422640035003103000019003455050476003641000030008402295720260407155519.0260407a1968 arg spa dAR-UNSa-BCEJYS aAR-UNSa-BCEJYSbspacAR-UNSa-BCEJYS a347xDerecho Civil10aDerecho PrivadopParte general. Introducción al derecho. Parte general del derecho civil y del derecho comercial. Derechos reales. Derecho de familia. Sucesiones 1aBuenos Aires :bCathedrac1968 a790 p.c23 cm. a1. El derecho - 2. La ley - 3. Personas - 4. La materia comercial. El comerciante - 5. Actos de comercio - 6. Personas jurídicas - 7. El patrimonio - 8. Hechos y actos jurídicos - 9. Vicios. Nulidad - 10. Derechos reales - 11. Derechos reales sobre la cosa ajena - 12. Derechos reales de garantía restante. Publicidad - 13. La familia - 14. La transmisión hereditaria. Sucesión intestada - 15. Indivisión y partición de la herencia. Sucesión testamentaria1 aAlterini, Atilio Aníbal